000 00288nam a2200109 a 4500
005 20200930070731.0
008 110921s1995 000 spa d
020 _a0671871099
245 0 _aFirst in his class : a biography of Bill Clinton.
260 _aNew York,
_c1995.
999 _c33542
_d33542
040 _aDO-SdBNP